000 00657nam a2200229Ii 4500
003 JO-AjNU
008 230606s9999||||xx |||||||||||||| ||und||
017 _a2009/11/4943
020 _a978-9957-11-857-0
040 _aJO-AjNU
_beng
_erda
_cJO-AjNU
041 _aeng
050 1 4 _aHF5635 .D44 2011
100 3 _aAl-Delawi,Amjad S.Said/Al-Adnani,Mohammad Hadi,
_eauthor
_91439
245 0 0 _aIntermediate Accounting
250 _a1 ed
264 3 1 _aAmman: Dar Wael,2011
300 _a428p
_bappendix(415-428)
336 _atext
_btxt
_2rdacontent
337 _aunmediated
_bn
_2rdamedia
338 _avolume
_bnc
_2rdacarrier
650 4 _aAccounting
_91440
999 _aE759
_c759
_d759